000 00325nam a22001457a 4500
008 210527b ||||| |||| 00| 0 eng d
020 _a047206312x
041 _aeng
080 _a621
082 _a621
100 _a26
101 _aMEK
245 _aNuclear Power Technology on Trial
_cDuderstadt,J.J
942 _2udc
_cBK
999 _c57699
_d57699